000 00259nam a2200097Ia 4500
008 220204s9999 xx 000 0 und d
082 _a354.82:633.72/74
_bCOF
245 0 _aCoffee board office manual. V 1
260 _aBangalore
_bCoffee Board
_c1958
942 _cBK
999 _c20100
_d20100